000 00950cab a2200241 4500
001 WB2901-06
008 090401t1992 xxu||||| |||| 00| 0 eng d
035 _a(Sirsi) u18181
041 _aeng
245 _aNew asbestos regulations
260 _c1992
350 _a0
490 _aHealth and Safety Commission News Release
_v(183/38) 17 December 1992 (2)
520 _aImplementing the requirements of three European Directives, the Control of Asbestos at Work (Amendment) Regulations 1992 supersedes earlier legislation governing the use of asbestos at places of work.
650 _aASBESTOS (PROHIBITIONS) REGULATIONS 1992
650 _aMANAGEMENT-HEALTH AND SAFETY-HAZARDOUS SUBSTANCES-ASBESTOS
650 _aCONTROL OF ASBESTOS AT WORK (AMENDMENT) REGULATIONS 1992
650 _aWORKPLACES
690 _aBUILT ENVIRONMENT-BUILDING MATERIALS
690 _aBUILT ENVIRONMENT-BUILDING STANDARDS
942 _n0
948 _c04/03/1997
999 _c12061
_d12061